005030000a2200169000450024501240000030000090012465000180013365000220015165000250017365000160019865100130021404100140022710000200024126000260026126000110028777300350029810aDe quien es la naturaleza? la conservación de la biodiversidad y la ecología política de los movimientos sociales a1-2514aBiodiversidad14aAspectos sociales14aAspectos políticos14aFilosofía 4pColombia0 aEspañol1 aEscobar, Arturo aMéxicobPNUMAc1997 bCOLMEX1 tPonencia al IV Foro del Ajusco